000 01375cam a2200409 4500
999 _c23579
_d23579
001 vtls011999569
005 20240710074358.0
008 220509s2020 xo gr 000 f slo
020 _a9788055175553
_q(viazané)
035 _aurn:nbn:sk:snk-am00gm73
035 _aurn:nbn:sk:snk-am3j767
035 _a9125391A-BE75-4CB1-B064-9648B39DD3F8
040 _aTVZK
_bslo
_cTVZK
_erda
041 1 _aslo
_hswe
044 _axo
_cSK
072 7 _a821.11
_xGermánske literatúry
_2konspekt
080 _a821.113.6-31
_22011
080 _a(0:82-312.4)
_22011
100 1 _aKepler, Lars
_4aut
_93646
240 1 0 _aSpegelmannen
_lSlovensky
245 1 0 _aZrkadlový muž
_cLars Kepler ; preložil Jozef Zelizňák
246 1 _iObálkový podnázov:
_aAk svedok prehovorí, potrestajú nevinného
264 1 _aBratislava
_bIkar
_c2020
300 _a463 strán
_c24 cm
336 _atext
_btxt
_2rdacontent
337 _abez média
_bn
_2rdamedia
338 _azväzok
_bnc
_2rdacarrier
500 _aPreložené z angličtiny
500 _aObsahuje biografické údaje o autoroch na prebale publikácie
655 7 _ašvédske romány
_2SNKPH
_91715
655 7 _atrilery (romány)
_2SNKPH
_92135
655 7 _aSwedish fiction
_2SNKPHeng
_91716
655 7 _aThrillers (novels)
_2SNKPHeng
_91722
700 1 _aZelizňák, Jozef
_4trl
_91717
958 _aLX
958 _aUP